Odmeňovanie zamestnancov kapitálovou účasťou v akciovej spoločnosti

K základným pojmom a k súbehu statusu zamestnanca a akcionára. Zamestanencké akcie ako osobitný druh akcií viazaný na osobu zamestnanca.

Gespeichert in:
Bibliographische Detailangaben
1. Verfasser: Janáč, Viliam
Format: Buchkapitel
Sprache:Slowakisch
Schlagworte:
Tags: Tag hinzufügen
Keine Tags, Fügen Sie das erste Tag hinzu!

MARC

LEADER 00000naa a2200000 4500
001 0209335
005 20231208100728.2
041 0 |a slo 
044 |a SK 
245 1 0 |a Odmeňovanie zamestnancov kapitálovou účasťou v akciovej spoločnosti  |c Vilimam Janáč 
520 |a K základným pojmom a k súbehu statusu zamestnanca a akcionára. Zamestanencké akcie ako osobitný druh akcií viazaný na osobu zamestnanca. 
610 2 0 |a odmeňovanie 
610 2 0 |a zamestnanci 
610 2 0 |a spoločnosti akciové 
100 1 |a Janáč, Viliam